000 00830nam a2200253 i 4500
001 9165
003 ES-MaACL
005 20250219115908.0
007 t|
008 930521s1988 sp ||||1| spa d
080 _a061.43(467.33)"1988":7 Guinovart
080 _a7 Guinovart, Josep
080 _a75(46)"1927/..."Guinovart, Josep
245 0 0 _aGuinovart
_b: [exposición, abril-mayo 1988].
260 _aAlicante :
_bCaja de Ahorros Provincial de Alicante,
_c1988.
300 _a[40] p. :
_bprincipalmente il. ;
_c24 cm.
600 0 4 _aGuinovart, Josep
_960869
655 7 _2tgfbne
_9193628
_aCatálogos de exposiciones
700 1 _aGuinovart, Josep.
_960869
710 2 _aCaja de Ahorros Provincial de Alicante.
_92280
852 _aES-MaACL
_jL-16642
_bR.115355
_99427
942 _2udc
999 _c9165
_d9165